000
00236nam a2200097Ia 4500
001
979184
005
20251229155040.0
008
250824s9999 xx 000 0 und d
245
0
_a
BÜYÜK VURUŞ
_c
HARLAN COBEN
260
_b
MARTI YAYINCILIK
999
_c
979184
_d
979184